Využitie progresívnych metód zneškodňovania odpadov z prevádzok MHD = Exploitation of the progressive methods used for waste disposal in Urban Mass Transportation plants : Bakalárska práca

Salvato in:
Dettagli Bibliografici
Autore principale: Bihary, Mário (Autore)
Altri autori: Michalíková, Anna, 1955- (xxx)
Natura: Manoscritto Libro
Lingua:slovacco
Pubblicazione: Trnava : STU v Bratislave MTF UBEI, 2007
Soggetti:
Tags: Aggiungi Tag
Nessun Tag, puoi essere il primo ad aggiungerne!!

MARC

LEADER 00000ntm a22000003a 4500
001 stu145737
005 20160719155739.3
008 070924s2007----xo------------------slo-d
040 |a STU  |b slo 
041 0 |a slo 
044 |a xo 
100 1 |a Bihary, Mário  |4 aut 
245 1 |a Využitie progresívnych metód zneškodňovania odpadov z prevádzok MHD = Exploitation of the progressive methods used for waste disposal in Urban Mass Transportation plants :  |b Bakalárska práca 
260 |a Trnava :  |b STU v Bratislave MTF UBEI,  |c 2007 
300 |a 71 s  |c 1 CD-ROM 
500 |a Odbor: Inžinierstvo životného prostredia 
650 7 |a likvidácia odpadov  |2 stusub 
650 7 |a spracovanie odpadov  |2 stusub 
700 1 |a Michalíková, Anna,  |d 1955-  |4 xxx  |u M5000  |U MTF Materiálovotechnologická fakulta  |T MTF Ústav bezpečnosti, environmentu a kvality  |X 2811  |U M5000  |Y 85  |7 A000002811 
996 |b 284M065953  |c M*BP-2415  |l MMSKP  |s P  |a 0  |w stu145737_0001